zpět

Detail výsledku týmu

Pivnice U Badinů, Brno

Datum a čas kvízu

18.5 Celkem bodů Celkový počet nahraných bodů na tomto kvízu bez doplňovacích otázek.
4. Pořadí na kvízu Konečné umístění týmu na tomto kvízu.

Zaznamenané odpovědi

# Otázka Odpověď Body Výsledky
1. Česká vláda ve středu jmenoval... Michal Koudelka 1
2. Chorvatská národní banka oznám... kuna 1
3. Novinkou letošního ročníku hud... Adele 0
4. Jeden muž se minulý týden vrát... Mirek Topolánek 1
5. NBA zaznamenala minulý týden n... James Harden 0
6. Začneme jedním ze základních a... 1C 2A 3B 4D 1
7. Jak se nazývá kreslicí materiá... rudka 0
8. Který španělský malíř žijící v... Francisco Goya 0
9. Na obrázku vidíme typ mikrotuž... verzatilka (versatilka) 1
10. Firma Koh-i-noor Hardtmuth je... v Českých Budějovicích 1